[Event "4NCL Online Division 5"]
[Site "online"]
[Date "2021.08.24"]
[EventDate "2021.08.24"]
[Round "1.81"]
[White "Jenkins, Simon"]
[WhiteElo "1513"]
[WhiteTeam "Lerryn Clowns"]
[Black "Chung, Vince"]
[BlackElo "1462"]
[BlackTeam "Colchester JFF B"]
[Result "1-0"]
[PlyCount "91"]

1. e4 e5 2. f4 d6 3. Nf3 Nc6 4. Bc4 Bg4 5. c3 Qd7 6. O-O Bxf3 7. Qxf3 O-O-O 8. d3 Nf6 9. f5 d5 10. Bb3 dxe4 11. dxe4 Bc5+ 12. Kh1 Qe7 13. Bc2 Rd6 14. a3 g6 15. b4 Bb6 16. Nd2 gxf5 17. Qxf5+ Kb8 18. Nc4 Re6 19. Bb3 Rg8 20. Nxb6 Rd6 21. Nd5 Nxd5 22. Bxd5 Rdg6 23. Ra2 Nd8 24. Raf2 R8g7 25. Be3 c6 26. Bc4 b5 27. Bc5 Qc7 28. Be2 Ne6 29. Be3 Qe7 30. Qxe5+ Kb7 31. Bf4 Qf8 32. c4 Nxf4 33. Qxf4 bxc4 34. Bxc4 Qe7 35. Qe3 Rh6 36. Rxf7 Rxf7 37. Rxf7 Qxf7 38. Bxf7 Rf6 39. Bc4 Rd6 40. h3 Rd1+ 41. Kh2 h5 42. e5 Rd8 43. Bf7 Rf8 44. e6 Kc7 45. Qxa7+ Kd8 46. Qd7# 1-0

[Event "4NCL Online Division 5"]
[Site "online"]
[Date "2021.08.24"]
[EventDate "2021.08.24"]
[Round "1.82"]
[White "Catabay, Rezin C"]
[WhiteElo "1347"]
[WhiteTeam "Colchester JFF B"]
[Black "Reid, Mark"]
[BlackElo "1455"]
[BlackTeam "Lerryn Clowns"]
[Result "0-1"]
[PlyCount "96"]

1. e4 c5 2. Nf3 e6 3. d4 cxd4 4. Nxd4 a6 5. Nc3 Qc7 6. Be3 Nf6 7. f3 Bb4 8. Qd2 d5 9. Bd3 dxe4 10. fxe4 Nbd7 11. O-O-O b5 12. a3 Bxc3 13. Qxc3 Qxc3 14. bxc3 Bb7 15. Rde1 Nxe4 16. Bxe4 Bxe4 17. Bd2 Bg6 18. Bf4 Rc8 19. Kb2 O-O 20. h4 h6 21. g4 Rfe8 22. Nf3 Rc4 23. Be5 Be4 24. Nd2 Nxe5 25. Nxe4 Rd8 26. g5 Ng4 27. Rhg1 h5 28. g6 fxg6 29. Ng5 e5 30. Rgf1 Rf8 31. Ne6 Rf6 32. Ng5 Rc8 33. Ne4 Rxf1 34. Rxf1 Ne3 35. Rg1 Nc4+ 36. Kb3 Rc6 37. Ng5 Rc8 38. Rd1 Re8 39. a4 e4 40. axb5 axb5 41. Kb4 Ne3 42. Rd2 Nf1 43. Re2 e3 44. Kxb5 Ng3 45. Re1 e2 46. c4 Nf5 47. c3 Nxh4 48. c5 Ng2 0-1

[Event "4NCL Online Division 5"]
[Site "online"]
[Date "2021.08.24"]
[EventDate "2021.08.24"]
[Round "1.83"]
[White "Jenkins, David R"]
[WhiteElo "1398"]
[WhiteTeam "Lerryn Clowns"]
[Black "Shiva, Shrishti"]
[BlackElo "1342"]
[BlackTeam "Colchester JFF B"]
[Result "1-0"]
[PlyCount "61"]

1. e4 e5 2. f4 exf4 3. Nf3 Nc6 4. d4 d6 5. Bxf4 Nf6 6. Nc3 Bg4 7. h3 Bh5 8. Be2 Bg6 9. Bd3 Be7 10. O-O O-O 11. Qd2 Nh5 12. g4 Nxf4 13. Qxf4 h6 14. Rae1 Bh4 15. Re2 Bf6 16. e5 dxe5 17. dxe5 Be7 18. Rd2 Bc5+ 19. Kh1 Qe7 20. Nd5 Qd7 21. Bc4 Qc8 22. Re2 Bb6 23. Bb5 Qe6 24. Bc4 Qd7 25. Rd2 Qe8 26. g5 hxg5 27. Qxg5 Rd8 28. Nf6+ gxf6 29. Qxg6+ Kh8 30. Qh6+ Kg8 31. Rg2# 1-0

[Event "4NCL Online Division 5"]
[Site "online"]
[Date "2021.08.24"]
[EventDate "2021.08.24"]
[Round "1.84"]
[White "Balaggan, Karam S"]
[WhiteElo "1315"]
[WhiteTeam "Colchester JFF B"]
[Black "Hendin, Richard"]
[BlackElo "1314"]
[BlackTeam "Lerryn Clowns"]
[Result "1-0"]
[PlyCount "103"]

1. e4 c5 2. Nf3 d6 3. d4 cxd4 4. Nxd4 Nf6 5. Nc3 g6 6. Be3 Bg7 7. Bc4 a6 8. f3 b5 9. Bb3 O-O 10. g4 Bb7 11. Nde2 e6 12. Ng3 d5 13. e5 Nfd7 14. f4 Nc6 15. h4 f6 16. exf6 Nxf6 17. g5 Ne8 18. Bc5 Rxf4 19. Qe2 Bc8 20. O-O-O Bxc3 21. bxc3 Nc7 22. Qe3 Rf7 23. Rhf1 Rxf1 24. Rxf1 a5 25. Rf8+ Qxf8 26. Bxf8 Kxf8 27. Qc5+ Kf7 28. Qxc6 Ra7 29. Qb6 Rb7 30. Qxa5 Bd7 31. Qb4 e5 32. Qd6 Be6 33. Qc6 Bc8 34. Bxd5+ Ke7 35. Qc5+ Kd8 36. Bxb7 Bxb7 37. Qd6+ Kc8 38. Qf8+ Kd7 39. Qg7+ Kd6 40. Qxh7 e4 41. Qxg6+ Ne6 42. Nxe4+ Bxe4 43. Qxe4 Nxg5 44. hxg5 b4 45. cxb4 Kd7 46. g6 Kd6 47. g7 Kc7 48. g8=Q Kb6 49. Qg5 Ka6 50. Qe6+ Kb7 51. Qg7+ Kb8 52. Qe8# 1-0

[Event "4NCL Online Division 5"]
[Site "online"]
[Date "2021.08.24"]
[EventDate "2021.08.24"]
[Round "1.91"]
[White "Beer, James"]
[WhiteElo "1275"]
[WhiteTeam "Colchester JFF C"]
[Black "Scully, Pat"]
[BlackElo "1380"]
[BlackTeam "Manaccan Maulers"]
[Result "1-0"]
[PlyCount "55"]

1. e4 c6 2. Nf3 d5 3. Nc3 dxe4 4. Nxe4 Nf6 5. Nfg5 Nxe4 6. Nxe4 Bf5 7. Bd3 e6 8. b3 Be7 9. Bb2 Bxe4 10. Bxe4 Bf6 11. Bxf6 Qxf6 12. O-O O-O 13. Rb1 Nd7 14. Qh5 h6 15. Qxh6 Qxh6 16. Rfe1 Qxd2 17. Red1 Qg5 18. Rxd7 Rfd8 19. Rxb7 Qd2 20. Bf3 Qxc2 21. Ra1 Rd2 22. Rf1 Rad8 23. h3 Qxa2 24. Be4 Rd1 25. Rxd1 Rxd1+ 26. Kh2 Qxf2 27. Rb8+ Rd8 28. Rxd8# 1-0

[Event "4NCL Online Division 5"]
[Site "online"]
[Date "2021.08.24"]
[EventDate "2021.08.24"]
[Round "1.92"]
[White "Doubleday, Peter"]
[WhiteElo "1402"]
[WhiteTeam "Manaccan Maulers"]
[Black "Kariyawasam, Alexander"]
[BlackElo "1149"]
[BlackTeam "Colchester JFF C"]
[Result "1-0"]
[PlyCount "27"]

1. e4 e5 2. Nf3 Nc6 3. d4 d6 4. Bc4 Be6 5. d5 Na5 6. dxe6 Nxc4 7. exf7+ Kxf7 8. Qd5+ Ke8 9. Qxc4 Nf6 10. Nc3 Qd7 11. Bg5 Ng8 12. Rd1 h6 13. Nxe5 Qc8 14. Qf7# 1-0

[Event "4NCL Online Division 5"]
[Site "online"]
[Date "2021.08.24"]
[EventDate "2021.08.24"]
[Round "1.93"]
[White "Salkauskas, Deimantas"]
[WhiteElo "1066"]
[WhiteTeam "Colchester JFF C"]
[Black "James, John"]
[BlackElo "1248"]
[BlackTeam "Manaccan Maulers"]
[Result "1-0"]
[PlyCount "91"]

1. e4 e6 2. d4 d5 3. exd5 exd5 4. Nc3 Nf6 5. Bf4 Be6 6. Nf3 c5 7. dxc5 Bxc5 8. Nb5 Bb6 9. Nd6+ Kf8 10. Nxb7 Qd7 11. Nd6 Bc7 12. c4 Bxd6 13. Bxd6+ Qxd6 14. Be2 Nc6 15. a3 Ke7 16. cxd5 Nxd5 17. Bc4 Rhd8 18. O-O Kf8 19. Qc2 Rac8 20. Qxh7 Na5 21. Bb5 Nf6 22. Qh8+ Ke7 23. Qxg7 Rg8 24. Qh6 Rh8 25. Qe3 Ng4 26. Qxa7+ Kf8 27. Qxa5 Nxh2 28. Ng5 Bd5 29. Qb4 Nf3+ 30. Nxf3 Qxb4 31. axb4 Bxf3 32. gxf3 Rb8 33. Ra5 Ke7 34. Rd1 Rbg8+ 35. Kf1 Rg5 36. Rd7+ Kf6 37. Bc4 Rh1+ 38. Ke2 Rgg1 39. Rxf7+ Kg6 40. b5 Re1+ 41. Kd3 Rd1+ 42. Ke4 Rh4+ 43. Ke3 Rxc4 44. Rf4 Re1+ 45. Kd2 Rc3 46. bxc3 1-0

[Event "4NCL Online Division 5"]
[Site "online"]
[Date "2021.08.24"]
[EventDate "2021.08.24"]
[Round "1.94"]
[White "Brown, Hugh"]
[WhiteElo "1305"]
[WhiteTeam "Manaccan Maulers"]
[Black "Kariyawasam, Rohan"]
[BlackElo "993"]
[BlackTeam "Colchester JFF C"]
[Result "1-0"]
[PlyCount "71"]

1. Nf3 Nf6 2. g3 Nc6 3. Bg2 e6 4. O-O Bc5 5. d4 Bb6 6. c3 Nd5 7. e4 Nf6 8. e5 Ne4 9. Nbd2 d5 10. exd6 Nxd6 11. Ne5 Ne7 12. Ndc4 O-O 13. Nxd6 cxd6 14. Nf3 Bd7 15. Nd2 e5 16. Nc4 Bc7 17. a4 exd4 18. Qxd4 Nf5 19. Qd1 Re8 20. Ne3 Re5 21. Nxf5 Bxf5 22. Bf4 Qe7 23. Bxe5 Qxe5 24. Qd5 Qxd5 25. Bxd5 Re8 26. Rfe1 Rd8 27. Re7 Bb6 28. Rxf7 Kh8 29. Re1 Bg6 30. Rxb7 Bc5 31. Ree7 Rf8 32. Bf7 Bxf7 33. Rxf7 Kg8 34. Rxg7+ Kh8 35. Rxh7+ Kg8 36. Rbg7# 1-0

[Event "4NCL Online Division 5"]
[Site "online"]
[Date "2021.08.24"]
[EventDate "2021.08.24"]
[Round "1.101"]
[White "Pratley, Ian"]
[WhiteElo "1703"]
[WhiteTeam "Wolfpack 2"]
[Black "Rao, Shree"]
[BlackElo "1533"]
[BlackTeam "Crowthorne 2"]
[Result "0-1"]
[PlyCount "128"]

1. f4 Nf6 2. e3 e6 3. Nf3 Be7 4. b3 O-O 5. Bb2 b6 6. Be2 Bb7 7. O-O d6 8. Nd4 a6 9. Bf3 Bxf3 10. Qxf3 d5 11. d3 c5 12. Ne2 Nbd7 13. Nd2 Re8 14. Qf2 Bd6 15. d4 Ng4 16. Qg3 f5 17. h3 Ngf6 18. Qf2 cxd4 19. exd4 b5 20. Nf3 Ne4 21. Qe3 Rc8 22. Rfc1 Qc7 23. Ne5 Nxe5 24. fxe5 Be7 25. c3 Bg5 26. Nf4 a5 27. g3 Qb7 28. h4 Bxf4 29. gxf4 Qf7 30. Qf3 Qg6+ 31. Qg2 Qh5 32. Qh2 Qg4+ 33. Kf1 Qf3+ 34. Ke1 Nxc3 35. Qf2 Qh1+ 36. Qf1 Qxh4+ 37. Qf2 Qxf2+ 38. Kxf2 Ne4+ 39. Ke3 Rxc1 40. Rxc1 Kf7 41. Rc7+ Re7 42. Rc6 Ra7 43. Kf3 h6 44. Bc1 g5 45. fxg5 hxg5 46. a3 g4+ 47. Kg2 a4 48. b4 Re7 49. Bb2 f4 50. Rb6 f3+ 51. Kf1 g3 52. Bc1 Re8 53. Rxb5 g2+ 54. Kg1 Rg8 55. Be3 Nc3 56. Rb7+ Kg6 57. b5 Kf5 58. Rf7+ Ke4 59. Bf2 Nxb5 60. Re7 Rg6 61. Rb7 Nc3 62. Rb4 Rh6 63. Be1 Rh1+ 64. Kf2 g1=Q# 0-1

[Event "4NCL Online Division 5"]
[Site "online"]
[Date "2021.08.24"]
[EventDate "2021.08.24"]
[Round "1.102"]
[White "Ganeshbabu, Adarsharun"]
[WhiteElo "1382"]
[WhiteTeam "Crowthorne 2"]
[Black "Wootton, Stephen G"]
[BlackElo "1671"]
[BlackTeam "Wolfpack 2"]
[Result "1/2-1/2"]
[PlyCount "116"]

1. e4 c5 2. Nf3 d6 3. d4 cxd4 4. Nxd4 Nf6 5. Nc3 a6 6. Be2 e5 7. Nb3 Be7 8. O-O Be6 9. Be3 d5 10. exd5 Nxd5 11. Nxd5 Qxd5 12. Bf3 e4 13. Be2 Qxd1 14. Raxd1 Nc6 15. Nc5 O-O 16. Nxe6 fxe6 17. Rd7 Bf6 18. Rxb7 Rfd8 19. Bc4 Re8 20. b3 Na5 21. Rc7 Bd8 22. Rc5 Bb6 23. Re5 Nxc4 24. bxc4 Bxe3 25. fxe3 Rac8 26. Rxe4 Rc6 27. Rd1 Rec8 28. Rd7 Rf8 29. Re7 Rb6 30. h3 Rb2 31. R4xe6 Rxa2 32. Re8 a5 33. Rxf8+ Kxf8 34. Ra6 Rxc2 35. Rxa5 Rxc4 36. Ra7 Rc2 37. Kh2 Rc3 38. Ra8+ Kf7 39. Ra7+ Kf6 40. e4 Re3 41. Ra4 Ke5 42. Ra7 Kf6 43. Ra4 Ke5 44. g4 Rxe4 45. Rxe4+ Kxe4 46. Kg3 g5 47. h4 h6 48. hxg5 hxg5 49. Kg2 Kf4 50. Kf2 Kxg4 51. Kg2 Kf4 52. Kf2 g4 53. Kg2 g3 54. Kg1 Kf3 55. Kf1 Kg4 56. Kg2 Kh4 57. Kg1 Kh3 58. Kh1 g2+ 1/2-1/2

[Event "4NCL Online Division 5"]
[Site "online"]
[Date "2021.08.24"]
[EventDate "2021.08.24"]
[Round "1.103"]
[White "Vernon, Colin G"]
[WhiteElo "1644"]
[WhiteTeam "Wolfpack 2"]
[Black "Das, Arjit"]
[BlackElo "1090"]
[BlackTeam "Crowthorne 2"]
[Result "1-0"]
[PlyCount "55"]

1. e4 e5 2. Nf3 Nc6 3. Bc4 Bc5 4. Nc3 Nf6 5. d3 O-O 6. O-O d6 7. Be3 Bg4 8. h3 Bxf3 9. Qxf3 Bxe3 10. Qxe3 Nb4 11. Qd2 c6 12. a3 Na6 13. Bxa6 bxa6 14. f4 d5 15. fxe5 Nd7 16. d4 c5 17. dxc5 Nxe5 18. exd5 Rc8 19. b4 Nc4 20. Qf4 Nb2 21. Rfb1 Na4 22. Nxa4 Qxd5 23. Re1 h6 24. Re7 g5 25. Qf2 Rfe8 26. Rxa7 Qc6 27. Qxf7+ Kh8 28. Qg7# 1-0

[Event "4NCL Online Division 5"]
[Site "online"]
[Date "2021.08.24"]
[EventDate "2021.08.24"]
[Round "1.104"]
[White "McKean, Matthew"]
[WhiteElo "1000"]
[WhiteTeam "Crowthorne 2"]
[Black "Braithwaite, Paul"]
[BlackElo "1199"]
[BlackTeam "Wolfpack 2"]
[Result "1-0"]
[PlyCount "107"]

1. c4 e5 2. Nc3 Nf6 3. g3 Be7 4. Bg2 Nc6 5. e4 d6 6. Nge2 O-O 7. O-O Bd7 8. a3 Be6 9. d3 Bd7 10. h3 Re8 11. b4 a6 12. c5 dxc5 13. bxc5 Bxc5 14. Bb2 Qc8 15. Kh2 h6 16. Rc1 Be7 17. Qd2 Nd4 18. Nxd4 exd4 19. Ne2 c5 20. Bxd4 Qd8 21. Bxc5 Bxc5 22. Rxc5 Bb5 23. Rd1 Ba4 24. Re1 Bb5 25. Nc1 Rc8 26. Rxc8 Qxc8 27. d4 Ba4 28. Nd3 Qc2 29. Qe3 Nd5 30. Qe2 Qxe2 31. Rxe2 Nc3 32. Re1 Bc2 33. Re3 Bxd3 34. Rxd3 Nb5 35. d5 Nd6 36. f3 b5 37. Rd4 Nc4 38. Rd3 a5 39. Rb3 f5 40. Rxb5 Ne3 41. Rxa5 Nxg2 42. Kxg2 fxe4 43. fxe4 Rxe4 44. Kf3 Rd4 45. Ke3 Rd1 46. Rc5 Ra1 47. Rc3 Rd1 48. Rd3 Re1+ 49. Kd4 Re8 50. d6 Kf7 51. Kc5 Rc8+ 52. Kb6 Rd8 53. Kc7 Ke6 54. Kxd8 1-0

[Event "4NCL Online Division 5"]
[Site "online"]
[Date "2021.08.24"]
[EventDate "2021.08.24"]
[Round "1.111"]
[White "Cuthbert, Larissa"]
[WhiteElo "1349"]
[WhiteTeam "Wessex Some Stars H"]
[Black "Hertog, Alexander"]
[BlackElo "1720"]
[BlackTeam "Oxford 4"]
[Result "0-1"]
[PlyCount "122"]

1. e4 c6 2. d4 d5 3. Nc3 dxe4 4. Nxe4 Nd7 5. Nf3 Ngf6 6. Bd3 Nxe4 7. Bxe4 Nf6 8. Bd3 Bg4 9. Bf4 Bxf3 10. Qxf3 Qxd4 11. O-O e5 12. Bxe5 Qg4 13. Bxf6 Qxf3 14. Rfe1+ Kd7 15. gxf3 gxf6 16. Bf5+ Kc7 17. Rad1 Bd6 18. c4 Rad8 19. a3 Rhg8+ 20. Kh1 Rg5 21. Bc2 Rh5 22. Rd4 Rxh2+ 23. Kg1 Rg8+ 24. Kf1 Rh1+ 25. Ke2 Re8+ 26. Re4 Rxe1+ 27. Kxe1 Re5 28. b4 h6 29. Bb3 a6 30. c5 Rxe4+ 31. fxe4 Be5 32. Kd2 Bb2 33. a4 a5 34. Bxf7 axb4 35. Kc2 Bd4 36. f4 Bxc5 37. e5 fxe5 38. fxe5 Be7 39. Kb3 c5 40. a5 Kc6 41. Kc4 Kc7 42. Kb5 Bf8 43. e6 h5 44. Bxh5 b3 45. Bg6 Kd6 46. Kb6 c4 47. Kxb7 Bg7 48. Bf7 Ke7 49. a6 Bd4 50. a7 Bxa7 51. Kxa7 c3 52. Bg6 c2 53. Bxc2 bxc2 54. Kb7 Kxe6 55. Kb8 c1=Q 56. Ka8 Qc6+ 57. Kb8 Qd7 58. Ka8 Kd6 59. Kb8 Kc6 60. Ka8 Kb6 61. Kb8 Qb7# 0-1

[Event "4NCL Online Division 5"]
[Site "online"]
[Date "2021.08.24"]
[EventDate "2021.08.24"]
[Round "1.112"]
[White "Kassey, Amaan"]
[WhiteElo "1624"]
[WhiteTeam "Oxford 4"]
[Black "Spirling, Florence"]
[BlackElo "1109"]
[BlackTeam "Wessex Some Stars H"]
[Result "1-0"]
[PlyCount "115"]

1. e4 d5 2. exd5 Qxd5 3. Nc3 Qd8 4. Nf3 Nf6 5. Bc4 Bf5 6. d3 Nc6 7. h3 h6 8. O-O e6 9. Bb5 a6 10. Ba4 Bc5 11. Ne5 Qd6 12. Bf4 Nd7 13. Re1 O-O 14. Bxc6 bxc6 15. Qf3 Nb8 16. Ng6 Qd7 17. Nxf8 Kxf8 18. Qg3 Bd6 19. Bxd6+ cxd6 20. Re2 d5 21. Rae1 c5 22. Qf3 a5 23. g4 Bh7 24. Rxe6 f6 25. Nxd5 Qd8 26. Re8+ Qxe8 27. Rxe8+ Kxe8 28. Nc7+ Kd8 29. Nxa8 Nd7 30. Qd5 Ke7 31. Nb6 Nxb6 32. Qxc5+ Kf7 33. Qxb6 a4 34. Qa5 a3 35. Qxa3 g5 36. Qa7+ Kg6 37. Qxh7+ Kxh7 38. a4 Kg7 39. a5 Kf7 40. a6 Ke7 41. a7 Kd7 42. a8=Q Kc7 43. Qh8 Kd6 44. Qxh6 Ke5 45. d4+ Kxd4 46. Qxf6+ Ke4 47. f3+ Ke3 48. Qxg5+ Kxf3 49. Qf5+ Kg3 50. Qf2+ Kxh3 51. Kf1 Kxg4 52. Ke2 Kg5 53. Ke3 Kg4 54. Qf4+ Kh5 55. Qg3 Kh6 56. Ke4 Kh5 57. Kf5 Kh6 58. Qg6# 1-0

[Event "4NCL Online Division 5"]
[Site "online"]
[Date "2021.08.24"]
[EventDate "2021.08.24"]
[Round "1.113"]
[White "Wright, George A"]
[WhiteElo "1108"]
[WhiteTeam "Wessex Some Stars H"]
[Black "King, Simon E"]
[BlackElo "1674"]
[BlackTeam "Oxford 4"]
[Result "0-1"]
[PlyCount "74"]

1. b3 e5 2. Bb2 Nc6 3. e3 d5 4. Bb5 Bd6 5. c4 Ne7 6. Nf3 dxc4 7. bxc4 O-O 8. c5 Bxc5 9. Nxe5 Nxe5 10. Bxe5 Qd5 11. Qh5 Qxg2 12. Rf1 c6 13. Bd3 Ng6 14. Bxg7 Kxg7 15. Qxc5 Re8 16. Na3 Bg4 17. Qc3+ Kg8 18. f3 Bxf3 19. Rxf3 Qxf3 20. Be2 Qh1+ 21. Bf1 Qxh2 22. O-O-O Qe5 23. Qb3 Qc5+ 24. Bc4 b5 25. d4 Qe7 26. Bf1 Qxe3+ 27. Qxe3 Rxe3 28. Nc2 Rc3 29. d5 cxd5 30. Bxb5 Rac8 31. Ba4 Nf4 32. Rd2 d4 33. Kb2 Rb8+ 34. Bb3 Nd3+ 35. Ka3 Rb6 36. Rg2+ Kf8 37. Re2 Ra6# 0-1

[Event "4NCL Online Division 5"]
[Site "online"]
[Date "2021.08.24"]
[EventDate "2021.08.24"]
[Round "1.114"]
[White "Murawski, Jan"]
[WhiteElo "1571"]
[WhiteTeam "Oxford 4"]
[Black "Lucas, Janet"]
[BlackElo "1089"]
[BlackTeam "Wessex Some Stars H"]
[Result "1-0"]
[PlyCount "87"]

1. d4 d5 2. c4 e6 3. Nc3 Nf6 4. Bg5 Be7 5. Nf3 O-O 6. e3 Nc6 7. Bd3 b6 8. cxd5 exd5 9. O-O Bg4 10. h3 Bh5 11. Rc1 Qd6 12. Nb5 Qd7 13. Nxc7 Bxf3 14. Qxf3 Qxc7 15. Bb5 Ne4 16. Rxc6 Nd2 17. Qe2 Qd7 18. Bxe7 Qxe7 19. Qxd2 h6 20. Rfc1 Qd7 21. Qd3 Qe7 22. Qf5 g6 23. Qf6 Qxf6 24. Rxf6 Rac8 25. Rfc6 Rcd8 26. Rc7 a5 27. Rd7 Rc8 28. Rcc7 Ra8 29. Bc6 Rac8 30. Bb7 Rxc7 31. Rxc7 Rd8 32. Rc8 Rxc8 33. Bxc8 Kg7 34. Bb7 Kf6 35. Bxd5 h5 36. Kh2 g5 37. Kg3 Kf5 38. Bxf7 b5 39. a3 Ke4 40. b4 Kd3 41. d5 Kc3 42. d6 axb4 43. axb4 Kxb4 44. d7 1-0

[Event "4NCL Online Division 5"]
[Site "online"]
[Date "2021.08.24"]
[EventDate "2021.08.24"]
[Round "1.121"]
[White "Alvares, Owen"]
[WhiteElo "1792"]
[WhiteTeam "Catford Cosmonauts 4"]
[Black "Evans, Justin"]
[BlackElo "1451"]
[BlackTeam "Deaf England 2"]
[Result "1-0"]
[PlyCount "155"]

1. e4 e5 2. Nf3 d6 3. h3 Nc6 4. Nc3 Nf6 5. Bc4 h6 6. a3 Na5 7. Qe2 a6 8. b4 Nc6 9. d3 b5 10. Bd5 Bb7 11. Be3 Be7 12. Bxc6+ Bxc6 13. O-O O-O 14. Bd2 Nh5 15. Nxe5 dxe5 16. Qxh5 Bg5 17. Bxg5 Qxg5 18. Qxg5 hxg5 19. Ne2 g6 20. Nc1 Bd7 21. Nb3 Be6 22. Nc5 Rfe8 23. Rfe1 Ra7 24. Re3 f6 25. c3 Kf7 26. Nxe6 Rxe6 27. d4 exd4 28. cxd4 c6 29. Rc1 Rc7 30. d5 Rd6 31. Rc5 Kg7 32. Rec3 Rdd7 33. Rxc6 Rxc6 34. Rxc6 Kf7 35. Rxa6 Ke7 36. Ra5 Rb7 37. Ra6 Rd7 38. Kf1 Rb7 39. Ke2 Kd7 40. Rxf6 Rc7 41. Rxg6 Rc2+ 42. Ke1 Rc1+ 43. Kd2 Rf1 44. Ke2 Ra1 45. Ra6 Ra2+ 46. Kf3 Rd2 47. Kg3 Rd3+ 48. Kg4 Rd4 49. Kf5 Rd2 50. Ke5 Rxf2 51. Ra7+ Kc8 52. g4 Rh2 53. Kf5 Rxh3 54. e5 Rf3+ 55. Kxg5 Re3 56. Kf6 Rf3+ 57. Ke6 Rf8 58. g5 Re8+ 59. Kf5 Rf8+ 60. Ke4 Kb8 61. Ra5 Rg8 62. Rxb5+ Ka7 63. Kf4 Rf8+ 64. Kg4 Ka6 65. Rc5 Kb6 66. a4 Re8 67. Rc6+ Kb7 68. e6 Re7 69. b5 Kb8 70. a5 Kb7 71. g6 Rg7 72. Kf5 Ka7 73. d6 Rb7 74. Rc7 Rxc7 75. dxc7 Kb7 76. e7 Kxc7 77. e8=Q Kb7 78. g7 1-0

[Event "4NCL Online Division 5"]
[Site "online"]
[Date "2021.08.24"]
[EventDate "2021.08.24"]
[Round "1.122"]
[White "Mullins, Steven A"]
[WhiteElo "1323"]
[WhiteTeam "Deaf England 2"]
[Black "Foreman, Anthony"]
[BlackElo "1492"]
[BlackTeam "Catford Cosmonauts 4"]
[Result "0-1"]
[PlyCount "104"]

1. f4 e5 2. fxe5 d6 3. exd6 Bxd6 4. Nf3 Bg4 5. e3 Nd7 6. Be2 Bxf3 7. Bxf3 Qh4+ 8. Ke2 O-O-O 9. Qe1 Qe7 10. Kd1 Ne5 11. Qf2 Nf6 12. h3 Bc5 13. d4 Nc4 14. Re1 Qd7 15. Nd2 Nxd2 16. Bxd2 Be7 17. Re2 Rhf8 18. Ke1 Qb5 19. b3 h5 20. c4 Qe8 21. Rd1 g5 22. Qg3 Rg8 23. Bxh5 Bd6 24. Bg4+ Kb8 25. Qf3 Ne4 26. Bf5 Nxd2 27. Rdxd2 Bb4 28. Be4 Bxd2+ 29. Rxd2 c6 30. d5 Qe5 31. Ke2 Rge8 32. Bd3 cxd5 33. cxd5 Rxd5 34. e4 f5 35. Bc2 Rxd2+ 36. Kxd2 fxe4 37. Qe3 Qf4 38. Qxf4+ gxf4 39. Ke2 Kc7 40. Kf2 Kd6 41. g3 fxg3+ 42. Kxg3 Ke5 43. Kf2 Kf4 44. Bd1 Rd8 45. Bg4 Rd2+ 46. Ke1 Ke3 47. a4 Rh2 48. Kd1 Kf2 49. Kc2 e3 50. Kd3 Rxh3 51. Be2 Rh8 52. Bg4 Rd8+ 0-1

[Event "4NCL Online Division 5"]
[Site "online"]
[Date "2021.08.24"]
[EventDate "2021.08.24"]
[Round "1.123"]
[White "Barber, James R"]
[WhiteElo "1388"]
[WhiteTeam "Catford Cosmonauts 4"]
[Black "Paull, James"]
[BlackElo "1189"]
[BlackTeam "Deaf England 2"]
[Result "1-0"]
[PlyCount "49"]

1. Nf3 e6 2. g3 Nc6 3. Bg2 d5 4. d3 Bd6 5. O-O h6 6. Nbd2 Bd7 7. e4 Nf6 8. Re1 dxe4 9. dxe4 e5 10. c3 Bg4 11. h3 Bh5 12. Nc4 Qe7 13. g4 Bg6 14. Nh4 Bxe4 15. Bxe4 Nxe4 16. Nf5 Qf6 17. Rxe4 O-O-O 18. Nfxd6+ cxd6 19. Ne3 h5 20. Qf1 Qg6 21. f3 f5 22. Nxf5 hxg4 23. fxg4 Rdf8 24. Rc4 d5 25. Ne7+ 1-0

[Event "4NCL Online Division 5"]
[Site "online"]
[Date "2021.08.24"]
[EventDate "2021.08.24"]
[Round "1.124"]
[White "O’Donnell, Anthony"]
[WhiteElo "1003"]
[WhiteTeam "Deaf England 2"]
[Black "Hunt, Iain"]
[BlackElo "1238"]
[BlackTeam "Catford Cosmonauts 4"]
[Result "1-0"]
[PlyCount "45"]

1. e4 c5 2. Nf3 e6 3. d4 cxd4 4. Nxd4 a6 5. Nc3 Qc7 6. Be3 Nf6 7. Nb3 Bb4 8. Qd3 Nxe4 9. Qxe4 Bxc3+ 10. bxc3 Qxc3+ 11. Bd2 Qc7 12. Qf4 d6 13. Bd3 Nc6 14. Qe3 O-O 15. O-O b5 16. a4 Bb7 17. axb5 axb5 18. Rxa8 Rxa8 19. Qg3 g6 20. Rd1 Ne5 21. Bxb5 Qxc2 22. Rc1 Qxb3 23. Qxb3 1-0

[Event "4NCL Online Division 5"]
[Site "online"]
[Date "2021.08.24"]
[EventDate "2021.08.24"]
[Round "1.131"]
[White "Coathup, Roger H"]
[WhiteElo "2192"]
[WhiteTeam "Morpeth"]
[Black "Wedge, David C"]
[BlackElo "1877"]
[BlackTeam "Hebden Bridge 2"]
[Result "1-0"]
[PlyCount "139"]

1. d4 Nf6 2. c4 g6 3. Nc3 Bg7 4. e4 d6 5. Be2 O-O 6. Bg5 h6 7. Be3 e5 8. d5 Na6 9. Qd2 Kh7 10. h4 Ng4 11. Bxg4 Bxg4 12. f3 Bd7 13. h5 g5 14. g4 Qe7 15. Nh3 c5 16. dxc6 Bxc6 17. O-O Nc7 18. Nd5 Bxd5 19. cxd5 Bf6 20. a4 Qd7 21. Rfc1 Rfc8 22. Nf2 Bd8 23. b4 b5 24. a5 Na6 25. Nd3 Rc4 26. Nb2 Rcc8 27. Kg2 Kg7 28. Rab1 Rab8 29. Qe1 Kh7 30. Bd2 Kg7 31. Qf2 Kh7 32. Qe3 Kg7 33. Qb3 Kh7 34. Be3 Kg7 35. Nd3 Kh7 36. Nf2 Rb7 37. Rxc8 Qxc8 38. Rc1 Rc7 39. Rc6 Nb8 40. Rxc7 Qxc7 41. Qd3 a6 42. Nh1 Nd7 43. Ng3 Nf6 44. Nf5 Ne8 45. Kf2 Qc8 46. Ke2 Qc7 47. Kd1 Qc8 48. Kd2 Qc7 49. Bb6 Qc8 50. Ba7 Bf6 51. Qc3 Qxc3+ 52. Kxc3 Bg7 53. Ne7 Bf8 54. Nc6 Kg7 55. Nb8 Kf6 56. Nxa6 Ke7 57. Bb6 Kd7 58. Nb8+ Kc8 59. Nc6 Nc7 60. Bxc7 Kxc7 61. Na7 Kb7 62. Nxb5 Be7 63. Kc4 Ka6 64. Nc3 Bd8 65. Nd1 Be7 66. Ne3 Bf8 67. Nf5 f6 68. Kc3 Kb5 69. Kb3 Ka6 70. Ka4 1-0

[Event "4NCL Online Division 5"]
[Site "online"]
[Date "2021.08.24"]
[EventDate "2021.08.24"]
[Round "1.132"]
[White "Leonard, Pete"]
[WhiteElo "1864"]
[WhiteTeam "Hebden Bridge 2"]
[Black "Turner, James"]
[BlackElo "1953"]
[BlackTeam "Morpeth"]
[Result "1/2-1/2"]
[PlyCount "75"]

1. e4 c5 2. Nc3 Nc6 3. g3 g6 4. Bg2 Bg7 5. d3 d6 6. Be3 e5 7. Qd2 Nd4 8. Nce2 Ne7 9. c3 Ne6 10. f4 f5 11. fxe5 dxe5 12. Nh3 O-O 13. O-O Rb8 14. Rad1 b6 15. Ng5 Nxg5 16. Bxg5 Qc7 17. d4 cxd4 18. cxd4 Bb7 19. d5 Qc5+ 20. Be3 Qd6 21. Nc3 Ba6 22. Rf2 Rf7 23. Bf1 Bxf1 24. Rdxf1 Rbf8 25. Nb5 Qd7 26. a4 fxe4 27. Rxf7 Rxf7 28. Rxf7 Kxf7 29. d6 Nf5 30. Qd5+ Kf8 31. Bg5 h6 32. g4 hxg5 33. gxf5 gxf5 34. Nc7 Bf6 35. Ne6+ Ke8 36. Nc7+ Kf8 37. Ne6+ Ke8 38. Nc7+ 1/2-1/2

[Event "4NCL Online Division 5"]
[Site "online"]
[Date "2021.08.24"]
[EventDate "2021.08.24"]
[Round "1.133"]
[White "Eastlake, Phil"]
[WhiteElo "1875"]
[WhiteTeam "Morpeth"]
[Black "Allan, John M"]
[BlackElo "1799"]
[BlackTeam "Hebden Bridge 2"]
[Result "1-0"]
[PlyCount "63"]

1. e4 e5 2. Nf3 Nc6 3. Bc4 Bc5 4. c3 Qe7 5. d4 Bb6 6. O-O Nf6 7. Be3 d6 8. Nbd2 O-O 9. h3 a6 10. Re1 h6 11. d5 Bxe3 12. Rxe3 Nb8 13. Nf1 c6 14. Ng3 g6 15. dxc6 bxc6 16. Rd3 Nxe4 17. Nxe4 d5 18. Bxd5 cxd5 19. Rxd5 Nd7 20. Qd2 Kg7 21. Nd6 Nb6 22. Nxc8 Raxc8 23. Rxe5 Qf6 24. Qe2 Rfd8 25. Qxa6 Rd6 26. a4 Rcd8 27. Qe2 Nd5 28. g3 Nc7 29. a5 Rd3 30. Nd4 Ne6 31. Qxd3 Qxe5 32. Nxe6+ 1-0